Venom albums - Statistics

General Stats
  • This quiz has been taken 17 times
  • The average score is 5 of 14
Answer Stats
Year Album % Correct
1982 Black Metal
92%
1981 Welcome to Hell
92%
1984 At War with Satan
62%
2006 Metal Black
54%
1985 Possessed
38%
1991 Temples of Ice
38%
2011 Fallen Angels
23%
1989 Prime Evil
23%
2000 Resurrection
23%
1987 Calm Before the Storm
15%
2015 From the Very Depths
15%
1997 Cast in Stone
8%
2008 Hell
8%
1992 The Waste Lands
0%
No matching quizzes found
Score Distribution
Percent of People with Each Score
Percentile by Number Answered
Your Score History
You have not taken this quiz